{"text_format":"3","workbook":"xlsx","n_sheets":1,"sheets":["采购清单及预算表"],"not_rendered":{"defined_names":1},"read":"whole","date_system":"1900"}

{"sheet":"采购清单及预算表","index":0,"n_rows":538,"n_cols":10,"rows_kept":538,"merged":[[0,0,0,9],[2,0,2,9],[23,9,25,9],[249,0,249,6],[250,0,250,9],[536,0,536,6],[537,0,537,6]]}
["东莞市水务集团净水有限公司2025年度办公用品及后勤物资采购项目采购清单及预算表"]
["序号","重要货物","名称","规格要求","暂定数量\n合计","单位","不含税预算综合单价（元）","不含税预算合计（元）","推荐品牌","备注"]
["一、办公用品"]
[1,"▲","文件夹","A4；加厚PP材质，0.7mm厚；双强力夹",742,"个",6.07,{"v":4503.94,"d":"4,503.94"},"得力、晨光、齐心"]
[2,"▲","文件夹","A4；加厚PP材质，1.2mm厚；双强力夹",830,"个",8.61,{"v":7146.3,"d":"7,146.30"},"得力、晨光、齐心"]
[3,null,"两孔文件夹","PP塑料，防水，A4，两孔",15,"个",10.37,155.55,"得力、晨光、齐心"]
[4,null,"11孔文件保护套","加厚单个厚度0.12mm,A4   100个装/包",15,"包",15.45,231.75,"得力、轩弘、酷办"]
[5,null,"抽杆夹","A4、抽杆为PVC材质、透明PP材料，10mm，可夹60张A4纸",450,"个",1.29,{"v":580.5,"d":"580.50"},"得力、晨光、齐心"]
[6,null,"抽杆夹","A4、抽杆为PVC材质、透明PP材料，15mm，可夹100张A4纸，",50,"个",2.16,{"v":108,"d":"108.00"},"任意品牌"]
[7,null,"抽杆报告夹","A4、抽杆为PVC材质、透明PP材料，25mm，可夹约200张A4纸，三角形抽杆",430,"个",2.15,{"v":924.5,"d":"924.50"},"得力、晨光、齐心"]
[8,"▲","中性按钮笔","0.5mm；12支/盒，黑色或蓝色",585,"盒",19.08,{"v":11161.8,"d":"11,161.80"},"得力、晨光、三菱"]
[9,"▲","中性按钮笔","0.5mm；12支/盒，红色",44,"盒",18.95,{"v":833.8,"d":"833.80"},"得力、晨光、百乐"]
[10,"▲","中性按钮笔","0.38mm；12支/盒，黑色",171,"盒",34.46,{"v":5892.66,"d":"5,892.66"},"得力、晨光、斑马"]
[11,"▲","水性笔","0.5mm，10支/盒，黑色",124,"盒",47.39,{"v":5876.36,"d":"5,876.36"},"三菱、百乐、晨光"]
[12,"▲","签字笔","0.5mm；12支/盒，黑色",165,"盒",18.95,{"v":3126.75,"d":"3,126.75"},"得力、晨光、齐心"]
[13,"▲","荧光笔","5色，扁笔头4-5mm",63,"盒",21.25,{"v":1338.75,"d":"1,338.75"},"三菱、得力、斑马"]
[14,"▲","铅笔","2B；12支/盒",65,"盒",8.56,{"v":556.4,"d":"556.40"},"中华、得力、晨光"]
[15,"▲","白板笔","10支/盒，黑色/红色/蓝色",43,"盒",13.05,561.15,"得力、晨光、齐心"]
[16,"▲","电池","5号；24粒一盒",309,"盒",51.35,{"v":15867.15,"d":"15,867.15"},"金霸王、南孚、品胜"]
[17,"▲","电池","7号；25粒一盒",256,"盒",51.52,{"v":13189.12,"d":"13,189.12"},"金霸王、南孚、品胜"]
[18,null,"电池","9V　",219,"粒",17.17,{"v":3760.23,"d":"3,760.23"},"金霸王、南孚、品胜"]
[19,"▲","移动硬盘","2TB、USB3.0",123,"个",433.66,{"v":53340.18,"d":"53,340.18"},"希捷、东芝、西部数据"]
[20,"▲","U盘","64GB，USB3.0",262,"个",60.31,{"v":15801.22,"d":"15,801.22"},"金士顿、闪迪、东芝"]
[21,"▲","不锈钢长尾夹","32MM（3#）*12，不锈钢原色",227,"盒",{"v":10.3,"d":"10.30"},{"v":2338.1,"d":"2,338.10"},"齐心、广博、得力、晨光","档案室存档专用"]
[22,"▲","不锈钢长尾夹","25MM（4#）*24，不锈钢原色",222,"盒",10.34,{"v":2295.48,"d":"2,295.48"},"齐心、广博、得力、晨光"]
[23,"▲","不锈钢长尾夹","19MM（5#）*40，不锈钢原色",232,"盒",8.55,{"v":1983.6,"d":"1,983.60"},"齐心、广博、得力、晨光"]
[24,"▲","长尾夹","15mm；60只/筒；彩色烤漆；防腐防锈；优质金属",350,"筒",8.73,{"v":3055.5,"d":"3,055.50"},"得力、晨光、金得利"]
[25,"▲","长尾夹","19mm；40只/筒；彩色烤漆；防腐防锈；优质金属",296,"筒",8.53,{"v":2524.88,"d":"2,524.88"},"得力、晨光、金得利"]
[26,"▲","长尾夹","25mm；48只/筒；彩色烤漆；防腐防锈；优质金属",276,"筒",12.92,{"v":3565.92,"d":"3,565.92"},"得力、晨光、金得利"]
[27,"▲","长尾夹","32mm；24只/筒；彩色烤漆；防腐防锈；优质金属",154,"筒",12.88,{"v":1983.52,"d":"1,983.52"},"得力、晨光、金得利"]
[28,"▲","长尾夹","41mm；24个/盒；彩色烤漆；防腐防锈；优质金属",213,"筒",16.94,{"v":3608.22,"d":"3,608.22"},"得力、晨光、金得利"]
[29,"▲","长尾夹","51mm；12只/筒；彩色烤漆；防腐防锈；优质金属",195,"筒",12.84,{"v":2503.8,"d":"2,503.80"},"得力、晨光、金得利"]
[30,"▲","回形针","彩色；29mm；160个/盒",237,"盒",4.28,{"v":1014.36,"d":"1,014.36"},"得力、晨光、齐心、广博"]
[31,"▲","回形针","普通；29mm；100个/盒；镀镍防锈",215,"盒",1.73,371.95,"得力、晨光、齐心、广博","档案室存档专用"]
[32,"▲","计算器","12位，电脑按键、双电源驱动",124,"台",30.35,{"v":3763.4,"d":"3,763.40"},"得力、晨光、齐心"]
[33,"▲","科学计算器","函数计算器",41,"台",{"v":60.1,"d":"60.10"},{"v":2464.1,"d":"2,464.10"},"卡西欧、晨光、得力"]
[34,null,"介刀","0.4*9.0*80mm",230,"把",3.44,{"v":791.2,"d":"791.20"},"宝工、威力狮、得力"]
[35,null,"美工刀","33225，大号，塑料",217,"把",8.62,{"v":1870.54,"d":"1,870.54"},"得力、晨光、齐心"]
[36,null,"剪刀","160mm",331,"把",4.29,{"v":1419.99,"d":"1,419.99"},"得力、晨光、齐心"]
[37,null,"不锈钢剪刀","17.5CM*9CM",134,"把",6.85,{"v":917.9,"d":"917.90"},"得力、齐心、广博"]
[38,"▲","皮笔记本","A5；100页；耐磨PU皮面，内页为70g米黄色道林纸",315,"本",21.46,{"v":6759.9,"d":"6,759.90"},"得力、齐心、广博"]
[39,null,"笔记本","297*210mm；100页",210,"本",6.89,{"v":1446.9,"d":"1,446.90"},"得力、齐心、广博"]
[40,null,"笔记本","A5；60页",245,"本",2.58,{"v":632.1,"d":"632.10"},"得力、齐心、广博"]
[41,null,"直尺","30cm；塑料",132,"把",2.17,286.44,"得力、晨光、齐心"]
[42,null,"钢尺","30cm",131,"把",6.92,906.52,"得力、晨光、齐心"]
[43,null,"防水格子袋","A4",745,"个",1.72,{"v":1281.4,"d":"1,281.40"},"得力、晨光、齐心、广博"]
[44,null,"网格拉链袋","A4",595,"个",{"v":3.4,"d":"3.40"},{"v":2023,"d":"2,023.00"},"得力、晨光、齐心、广博"]
[45,null,"网格拉链袋","A3",330,"个",5.13,{"v":1692.9,"d":"1,692.90"},"得力、晨光、齐心、广博"]
[46,null,"订书机","小型",107,"个",6.89,737.23,"得力、晨光、齐心、广博"]
[47,"▲","订书机","标准309",116,"个",{"v":10.3,"d":"10.30"},{"v":1194.8,"d":"1,194.80"},"得力、晨光、齐心、广博"]
[48,"▲","订书机","厚层，重型；可订210页",17,"个",103.73,{"v":1763.41,"d":"1,763.41"},"得力、晨光、齐心、广博"]
[49,"▲","装订机","带线装订，打孔厚度80mm",7,"部",297.51,{"v":2082.57,"d":"2,082.57"},"云广、得力、晨光","档案室存档专用"]
[50,null,"订书针","G2127",64,"盒",0.86,55.04,"得力、晨光、齐心"]
[51,null,"大订书针","标准",72,"盒",1.72,123.84,"得力、晨光、齐心"]
[52,null,"大订书针","厚层1000pcs",30,"盒",5.21,{"v":156.3,"d":"156.30"},"得力、晨光、齐心"]
[53,null,"不锈钢订书钉小号","10#1000枚/盒，304不锈钢",118,"盒",4.31,508.58,"乐春天、兰台、盛泰","档案室存档专用"]
[54,"▲","不锈钢订书钉","12# （24/6），304不锈钢",151,"盒",6.85,{"v":1034.35,"d":"1,034.35"},"乐春天、兰台、盛泰","档案室存档专用"]
[55,"▲","不锈钢订书钉","（26/8）1000枚/盒，304不锈钢",106,"盒",{"v":8.7,"d":"8.70"},{"v":922.2,"d":"922.20"},"乐春天、兰台、盛泰"]
[56,"▲","不锈钢订书钉","（23/13）1000枚/盒，304不锈钢",90,"盒",10.34,{"v":930.6,"d":"930.60"},"乐春天、兰台、盛泰"]
[57,"▲","不锈钢订书钉","（23/17）1000枚/盒，304不锈钢",72,"盒",10.34,744.48,"乐春天、兰台、盛泰"]
[58,null,"取订器",null,164,"个",3.43,562.52,"得力、晨光、齐心"]
[59,null,"打孔机","20页",16,"个",21.68,346.88,"得力、晨光、三木"]
[60,null,"透明胶带","60mm*100y",341,"卷",8.58,{"v":2925.78,"d":"2,925.78"},"得力、晨光、可得优"]
[61,null,"透明胶带","18mm*30y",321,"卷",1.29,414.09,"得力、晨光、可得优"]
[62,null,"透明胶带","45mm*60y",191,"卷",5.12,977.92,"得力、晨光、可得优"]
[63,null,"便利贴","76*51mm；100张/包；单色",200,"包",2.15,{"v":430,"d":"430.00"},"得力、晨光、齐心、广博"]
[64,null,"便利贴","76mm*76mm；100张/包；单色",445,"包",2.61,{"v":1161.45,"d":"1,161.45"},"得力、晨光、齐心、广博"]
[65,null,"便利标签","76*19mm；四色荧光色；4pcs*100张",445,"包",2.59,{"v":1152.55,"d":"1,152.55"},"得力、晨光、齐心、广博"]
[66,null,"索引标签指示贴","透明防水，3色N次贴荧光膜小号28*12mm300枚或中号28*25mm180枚或大号28*45mm100枚",170,"包",{"v":10.2,"d":"10.20"},{"v":1734,"d":"1,734.00"},"得力、晨光、齐心、白利金人"]
[67,null,"告示贴","(英发15*50MM)",120,"包",2.99,{"v":358.8,"d":"358.80"},"得力、晨光、齐心"]
[68,null,"不干胶标签纸","23*49mm；60枚/包；红色",80,"包",2.17,{"v":173.6,"d":"173.60"},"得力、晨光、广博"]
[69,null,"不干胶标签纸","23*33mm；80枚/包；蓝色",85,"包",2.15,182.75,"得力、晨光、广博"]
[70,null,"不干胶标签纸","25*30mm；90枚/包；红色/蓝色",65,"包",2.18,{"v":141.7,"d":"141.70"},"得力、晨光、广博"]
[71,null,"不干胶标签纸","18*32mm；120枚/包；红色/蓝色",91,"包",2.17,197.47,"得力、晨光、广博"]
[72,null,"不干胶标签纸","25*38MM、白色、488贴/包",46,"包",2.57,118.22,"得力、晨光、广博"]
[73,null,"不干胶标签纸","19*50MM、白色、450贴/包",29,"包",2.58,74.82,"得力、晨光、广博"]
[74,null,"热敏标签打印纸","70mm*40mm，1000张（横版）",12,"卷",12.97,155.64,"得力、诺码、昕维"]
[75,null,"热敏标签打印纸","40mm*30mm，800张（横版）",12,"卷",8.59,103.08,"得力、诺码、昕维"]
[76,null,"双头油性记号笔","细头：0.5mm；粗头1.0mm，12支/盒，黑色",148,"盒",21.39,{"v":3165.72,"d":"3,165.72"},"得力、晨光、斑马"]
[77,null,"油性记号笔","红色；10支装",66,"盒",17.23,{"v":1137.18,"d":"1,137.18"},"得力、晨光、斑马"]
[78,null,"油性大头笔","黑色；10支装",120,"盒",17.12,{"v":2054.4,"d":"2,054.40"},"得力、晨光、斑马"]
[79,null,"油性大头笔","蓝色；10支装",95,"盒",17.17,{"v":1631.15,"d":"1,631.15"},"得力、晨光、斑马"]
[80,null,"油性大头笔","红色；10支装",51,"盒",17.29,881.79,"得力、晨光、斑马"]
[81,null,"7号信封","229*162mm，120g黄牛皮纸",180,"个",0.43,{"v":77.4,"d":"77.40"},"得力、晨光、广博"]
[82,null,"9号信封","324×229mm（A4）、120g黄牛皮纸",252,"个",0.43,108.36,"得力、晨光、广博"]
[83,null,"档案盒","A4 310*220*50mm，牛皮纸",540,"个",2.16,{"v":1166.4,"d":"1,166.40"},"得力、晨光、齐心、广博"]
[84,"▲","档案盒","A4；35mm；PVC材质；蓝色/黑色；硬纸板",160,"个",12.92,{"v":2067.2,"d":"2,067.20"},"得力、晨光、齐心、广博"]
[85,"▲","档案盒","A4；55mm；PVC材质带夹压纸文件夹子，蓝色/黑色；硬纸板",1570,"个",15.56,{"v":24429.2,"d":"24,429.20"},"得力、晨光、齐心、广博"]
[86,"▲","档案盒","A4；75mm；PVC材质带夹压纸文件夹子，蓝色/黑色；硬纸板",1760,"个",18.82,{"v":33123.2,"d":"33,123.20"},"得力、晨光、齐心、广博"]
[87,"▲","档案盒","尺寸：33.5*45*5.5CM，材质：PVC热封纸板+磁扣+钢夹，蓝色，加厚",875,"个",21.68,{"v":18970,"d":"18,970.00"},"得力、晨光、今日、富得快"]
[88,"▲","档案盒","皮质档案盒 A4加厚档案盒 文件盒 资料盒 磁扣 包胶 皮面 带压纸夹文件夹 HY1331A 蓝色【3英寸 背宽65mm】32.5mm*65mm*240mm,约夹400张A4纸",1740,"个",21.61,{"v":37601.4,"d":"37,601.40"},"得力、晨光、今日、富得快"]
[89,"▲","会计凭证封面","A4加厚150g黄牛皮纸（299-212-28mm），横板连背式封面连封底，无需包角，50张/套",50,"套",25.41,{"v":1270.5,"d":"1,270.50"},"用友、得力、晨光"]
[90,null,"橡皮擦","2B；32*22*13mm",280,"块",0.86,{"v":240.8,"d":"240.80"},"得力、真彩、猫太子"]
[91,"▲","削笔器","可调粗细手摇，自动削笔机",102,"个",25.93,{"v":2644.86,"d":"2,644.86"},"得力、晨光、齐心、广博"]
[92,null,"双面胶","24mm，长度为10Y或以上",385,"卷",2.58,{"v":993.3,"d":"993.30"},"得力、3M、房屋医生"]
[93,"▲","国旗","190*128cm，3号",67,"面",30.25,{"v":2026.75,"d":"2,026.75"},"得力、晨光、三益档案"]
[94,null,"红旗","144*96cm，4号",99,"面",21.46,{"v":2124.54,"d":"2,124.54"},"得力、晨光、三益档案"]
[95,null,"修正液/涂改液","12-18ml；安全无毒，通过GB21027学生安全通用要求；快干",172,"支",3.43,589.96,"得力、真彩、乐普升"]
[96,null,"圆形笔筒","金属网格、防滑脚垫，直径91mm*高度98mm",99,"个",5.17,511.83,"得力、晨光、齐心"]
[97,"▲","多功能办公笔筒","金属网格、防滑脚垫",117,"个",{"v":25.5,"d":"25.50"},{"v":2983.5,"d":"2,983.50"},"得力、晨光、齐心"]
[98,null,"桌面整理塑胶文件柜","265*344*245　四层（无锁）",75,"个",69.62,{"v":5221.5,"d":"5,221.50"},"得力、齐心、晨光","灰色"]
[99,null,"透明书写板","315*225mm，适用于夹A4纸",317,"块",{"v":8.5,"d":"8.50"},{"v":2694.5,"d":"2,694.50"},"得力、齐心、晨光"]
[100,"▲","文件架","四联；加厚；PP材质；323*265*310mm（蓝色）",83,"个",21.46,{"v":1781.18,"d":"1,781.18"},"得力、齐心、晨光"]
[101,"▲","三格文件架","三联；加厚，隔板单片厚度达2.4mm；PP材质；314*258*262mm（蓝色）",88,"个",17.23,{"v":1516.24,"d":"1,516.24"},"得力、齐心、晨光"]
[102,"▲","三格文件座","三格；PS材质；加厚加厚，隔板单片厚度达2.4mm；245*330*260mm",127,"个",21.39,{"v":2716.53,"d":"2,716.53"},"得力、齐心、晨光"]
[103,null,"消防检查卡","130*95mm，含卡套、扎带",1100,"张",3.47,{"v":3817,"d":"3,817.00"},"斯图、稳斯坦、魅祥"]
[104,null,"白板擦","50*125*25mm",26,"个",4.28,111.28,"得力、齐心、晨光"]
[105,null,"密封袋","加厚密封，食品级PE材质，40只装；尺寸 （17cmx24cm），",153,"盒",12.84,{"v":1964.52,"d":"1,964.52"},"柯瑞尔、妙洁、登比"]
[106,"▲","透明液体胶水","50ml，无甲醛，粘性强，12支/盒",62,"盒",21.46,{"v":1330.52,"d":"1,330.52"},"得力、晨光、齐心"]
[107,null,"固体胶","30g及以上；12支/盒；不含甲醛；PVP固体胶",105,"盒",25.76,{"v":2704.8,"d":"2,704.80"},"汉高、得力、晨光"]
[108,"▲","印台","红色；φ80mm；油性防水；快干油墨",75,"个",12.88,{"v":966,"d":"966.00"},"利佰代、得力、晨光"]
[109,"▲","大印台","138*88MM，红色；油性防水；快干油墨",24,"个",17.11,410.64,"利佰代、得力、晨光"]
[110,"▲","印油","红色；40ml采用快干油性染料系印油，印迹快干清晰，防水性、耐光性及抗褪色性俱佳。",71,"支",8.61,611.31,"利佰代、得力、晨光"]
[111,null,"明色朱液","30g",21,"支",11.16,234.36,"利百代、得力、西玛"]
[112,null,"光敏印油","9879  ，号码机油墨",5,"瓶",5.21,26.05,"任意品牌"]
[113,"▲","电话机","来电显示",21,"台",55.61,{"v":1167.81,"d":"1,167.81"},"TCL、飞利浦、摩托罗拉"]
[114,null,"报书刊架","635*360*1250mm",6,"个",171.72,{"v":1030.32,"d":"1,030.32"},"得力、晨光、齐心"]
[115,null,"报纸架","635*270*820mm",5,"个",128.35,641.75,"得力、晨光、齐心"]
[116,null,"隔音耳塞","入耳式，2个独立包装，10个/包",33,"包",21.61,713.13,"3M、得力、晨光、"]
[117,null,"电工胶布","16mm*9.5m/卷，红色，绝缘",20,"卷",2.57,{"v":51.4,"d":"51.40"},"得力、晨光、齐心"]
[118,null,"海绵胶","24mm*5y*2.5mm*4.5米/卷",350,"卷",{"v":2.6,"d":"2.60"},{"v":910,"d":"910.00"},"得力、晨光、齐心"]
[119,null,"仓库磁性标签材料卡","五轮，磁吸，8.8*12.5cm；长方形",1370,"块",{"v":3.4,"d":"3.40"},{"v":4658,"d":"4,658.00"},"斯图、稳斯坦、魅祥"]
[120,null,"仓库磁性标签材料卡","强磁，三轮75mm*55mm",2450,"个",2.13,{"v":5218.5,"d":"5,218.50"},"斯图、稳斯坦、魅祥"]
[121,"▲","插座","6插位；总控开关；儿童保护门；3米，带USB插口",272,"个",72.99,{"v":19853.28,"d":"19,853.28"},"公牛、飞利浦、小米、得力"]
[122,"▲","插座","3-6位，总控开关，全长5米",193,"个",60.31,{"v":11639.83,"d":"11,639.83"},"公牛、飞利浦、小米、得力"]
[123,"▲","插座","3-10位，总控开关，全长10米",45,"个",128.37,{"v":5776.65,"d":"5,776.65"},"公牛、飞利浦、小米、得力"]
[124,null,"意见箱","220*120*290mm，铝合金材质",13,"个",{"v":59.9,"d":"59.90"},{"v":778.7,"d":"778.70"},"得力、晨光、齐心"]
[125,null,"钥匙圈","不锈钢直径30mm",75,"个",0.87,65.25,"得力、晨光、齐心"]
[126,null,"钥匙盘","不锈钢，30位加厚牌粗圈",8,"个",25.84,206.72,"得力、晨光、齐心","各部门"]
[127,null,"钥匙箱","72位；400mm*55*475",5,"个",214.66,{"v":1073.3,"d":"1,073.30"},"得力、晨光、国为"]
[128,"▲","烧水壶","1.7L；内胆为304食品接触用不锈钢；双层防烫壶体；防干烧保护",142,"个",110.89,{"v":15746.38,"d":"15,746.38"},"美的、苏泊尔、九阳"]
[129,null,"入库单","三联",6,"本",2.58,15.48,"浩立信、得力、晨光"]
[130,null,"出库单","三联",6,"本",2.56,15.36,"浩立信、得力、晨光"]
[131,null,"领料单","三联",31,"本",2.55,79.05,"浩立信、得力、晨光"]
[132,null,"出入库单","176mm*128mm 三联",5,"本",4.32,{"v":21.6,"d":"21.60"},"浩立信、得力、晨光"]
[133,null,"收据","三联",150,"本",4.27,{"v":640.5,"d":"640.50"},"成文厚、主力、皓博"]
[134,null,"货架","200*40*200cm/4层，防锈，每层承重至少200kg，0.38mm厚钢板",100,"个",511.71,{"v":51171,"d":"51,171.00"},"青松、艾维曼、信京"]
[135,"▲","复印纸","A4； 80g/m2；108um厚；96.4%不透明度；零尘埃度；500张/包；5包/箱；全木浆；纸张多用于存档，不建议使用再生纸和含酸性的纸",264,"箱",128.79,{"v":34000.56,"d":"34,000.56"},"亚太森博（拷贝可乐）、UPM佳印（绿佳印）、新橙天章"]
[136,"▲","复印纸","A4； 85g/m2；108um厚；96.4%不透明度；零尘埃度；500张/包；5包/箱；全木浆；纸张多用于存档，不建议使用再生纸和含酸性的纸",1106,"箱",{"v":155.6,"d":"155.60"},{"v":172093.6,"d":"172,093.60"},"double A、UPM佳印（红卓越佳印）、亚太森博（红百旺）","档案室存档专用"]
[137,"▲","复印纸","A3； 80g/m2；108um厚；96.4%不透明度；零尘埃度；500张/包；5包/箱；全木浆；纸张多用于存档，不建议使用再生纸和含酸性的纸",17,"箱",238.77,{"v":4059.09,"d":"4,059.09"},"亚太森博（拷贝可乐）、UPM佳印（绿佳印）、新橙天章"]
[138,"▲","复印纸","A3； 85g/m2；108um厚；96.4%不透明度；零尘埃度；500张/包；5包/箱；全木浆；纸张多用于存档，不建议使用再生纸和含酸性的纸",45,"箱",301.51,{"v":13567.95,"d":"13,567.95"},"double A、UPM佳印（红卓越佳印）、亚太森博（红百旺）","档案室存档专用"]
[139,null,"复印纸","A4；粉色；500张/包，每箱5包",8,"箱",{"v":179.1,"d":"179.10"},{"v":1432.8,"d":"1,432.80"},"得力、晨光、天章"]
[140,null,"复印纸","A3；粉色；500张/包，每箱5包",7,"箱",342.23,{"v":2395.61,"d":"2,395.61"},"得力、晨光、天章"]
[141,"▲","碳粉","匹配laser Jet 700MFP M725dn",3,"个",171.73,515.19,"灵印、格之格、天威"]
[142,"▲","硒鼓","HP88A晒鼓；大容量；A4理论打印量为2000张以上",3,"个",172.88,518.64,"灵印、格之格、天威"]
[143,"▲","硒鼓","适配 HP MFPM227（30A）",39,"个",172.29,{"v":6719.31,"d":"6,719.31"},"灵印、格之格、天威"]
[144,"▲","墨盒","适配HP Officejet 7110型，黑彩墨盒套装，大容量，带芯片；A4理论印数1000张以上",9,"套",256.74,{"v":2310.66,"d":"2,310.66"},"灵印、格之格、天威"]
[145,"▲","硒鼓","适用于HP M203DW打印机 可大约打印3500张",3,"个",216.11,648.33,"绘威、格之格、天威"]
[146,"▲","碳粉","适配HP LaserJet Pro MFP M227fdw",32,"个",155.09,{"v":4962.88,"d":"4,962.88"},"惠普、天威、绘威"]
[147,"▲","碳粉","适配HP LaserJet Pro MFP M226dw",40,"个",102.34,{"v":4093.6,"d":"4,093.60"},"惠普、天威、绘威"]
[148,"▲","碳粉","Laser Je1 Pro MFP M2271dw",8,"个",127.95,{"v":1023.6,"d":"1,023.60"},"绘威、格之格、天威"]
[149,"▲","硒鼓","惠普，适用M252DW 四色套装",12,"套",346.92,{"v":4163.04,"d":"4,163.04"},"绘威、格之格、天威"]
[150,"▲","硒鼓","惠普/HP硒鼓88A硒鼓cc388a，适配HP laserJet P1108",18,"个",137.86,{"v":2481.48,"d":"2,481.48"},"绘威、格之格、天威"]
[151,"▲","硒鼓","适配佳能imageCLAss MF641cw，黑红黄蓝",8,"个",106.19,849.52,"格之格、天威、彩格"]
[152,"▲","硒鼓","适配惠普LaserJet Pro MFP M329dw",16,"个",{"v":70.8,"d":"70.80"},{"v":1132.8,"d":"1,132.80"},"格之格、天威、彩格"]
[153,"▲","自动4位归零数字打码机","连续打印、印字清晰、自动上墨",46,"个",69.39,{"v":3191.94,"d":"3,191.94"},"新元昌、得力、可得优","档案室存档专用"]
[154,"▲","自动3位归零数字打码机","连续打印、印字清晰、自动上墨",28,"个",69.15,{"v":1936.2,"d":"1,936.20"},"新元昌、得力、可得优","档案室存档专用"]
[155,"▲","手动4位归零数字打码机",null,13,"个",68.23,886.99,"华罡、得力、可得优","档案室存档专用"]
[156,"▲","路由器","无线双频：2.4GHz 和 5GHz，四线3000M",60,"台",259.32,{"v":15559.2,"d":"15,559.20"},"华为、水星、TP-link，小米"]
[157,null,"小白板","100*70cm",10,"块",102.69,{"v":1026.9,"d":"1,026.90"},"臻格、得力、晨光"]
[158,"▲","过塑膜","A4，100张/盒",65,"盒",43.07,{"v":2799.55,"d":"2,799.55"},"得力、齐心、雷盛"]
[159,"▲","过塑膜","A3，100张/盒",31,"盒",86.16,{"v":2670.96,"d":"2,670.96"},"得力、齐心、雷盛"]
[160,"▲","网线","六类千兆网线工程版 0.57mm纯铜线芯 CAT6类8芯双绞箱线 家装宽带布线 非屏蔽",200,"米",4.28,{"v":856,"d":"856.00"},"绿联、安普康、飞利浦"]
[161,null,"水晶头","六类网线水晶头 6类千兆网络接头 Cat6水晶头镀金",22,"个",0.86,18.92,"绿联、安普康、飞利浦"]
[162,"▲","网线","6类，3米；纯铜线芯 千兆高速，八芯双绞",25,"条",{"v":17.7,"d":"17.70"},{"v":442.5,"d":"442.50"},"绿联、安普康、飞利浦"]
[163,"▲","网线","6类，5米；纯铜线芯 千兆高速，八芯双绞",145,"条",21.46,{"v":3111.7,"d":"3,111.70"},"绿联、飞利浦、山泽、安润达"]
[164,null,"网线","百兆，5m",0,"条",12.75,{"v":0,"d":"0.00"},"绿联、飞利浦、山泽、安润达"]
[165,null,"网线","百兆，10m",16,"条",21.46,343.36,"绿联、飞利浦、山泽、安润达"]
[166,null,"VGA高清传输线","1080P",16,"米",12.88,206.08,"达而稳、晶华、优联"]
[167,"▲","无线鼠标","静音，无线，外接USB",187,"个",51.87,{"v":9699.69,"d":"9,699.69"},"罗技、小米、雷柏"]
[168,"▲","有线鼠标","电脑通用",92,"个",21.47,{"v":1975.24,"d":"1,975.24"},"联想、华硕、戴尔"]
[169,null,"充电宝","10000mAh手机充电宝",44,"个",86.44,{"v":3803.36,"d":"3,803.36"},"小米、华为、品胜"]
[170,null,"色带","S015290/S010076黑色",23,"个",21.47,493.81,"绘威、格之格、天威"]
[171,null,"手推车","承重400斤、静音、加厚支架",21,"台",216.11,{"v":4538.31,"d":"4,538.31"},"华宝、南狮、信京"]
[172,null,"挂钟","圆形、11英寸",23,"个",{"v":60.3,"d":"60.30"},{"v":1386.9,"d":"1,386.90"},"北极星、恒时、精科"]
[173,null,"按钮圆珠笔","BP-8109 BALLPOINT、0.5黑色/蓝色、12支/盒",25,"盒",21.18,{"v":529.5,"d":"529.50"},"得力、晨光、齐心"]
[174,null,"激光笔","黑色、100米远控",16,"支",{"v":55.8,"d":"55.80"},{"v":892.8,"d":"892.80"},"诺为、得力、罗技"]
[175,null,"桶装水电动抽水器","充电款",134,"个",47.08,{"v":6308.72,"d":"6,308.72"},"子路、小米、拜杰"]
[176,"▲","DVD刻录机","LG，GP65,超薄外置轻便式",3,"个",{"v":188.9,"d":"188.90"},{"v":566.7,"d":"566.70"},"绿联、联想、绿巨能"]
[177,null,"A4可修改活页替芯","CF340内页，透明可书写",5,"张",{"v":1.7,"d":"1.70"},{"v":8.5,"d":"8.50"},"得力、齐心、广博"]
[178,null,"高速读卡器","usb3.0二合一多功能，适用手机单反相机",18,"个",46.75,{"v":841.5,"d":"841.50"},"绿联、品胜、绿巨能"]
[179,null,"电脑包","通用手提电脑包",17,"个",85.56,{"v":1454.52,"d":"1,454.52"},"戴尔、联想、华为"]
[180,null,"会议牌","加厚三角会议牌、内部尺寸180*100mmV型亚克力桌牌",250,"个",{"v":8.5,"d":"8.50"},{"v":2125,"d":"2,125.00"},"宝克、和日升、国俊众博"]
[181,"▲","USB扩展器",null,17,"个",47.22,802.74,"绿联、联想、优越者"]
[182,null,"白卡纸","A4/160克，100张/包",16,"包",21.61,345.76,"得力、齐心、广博"]
[183,null,"白卡纸","A4/200克，50张/包",15,"包",21.54,{"v":323.1,"d":"323.10"},"得力、齐心、广博"]
[184,null,"标签纸","BC-01",18,"包",42.65,{"v":767.7,"d":"767.70"},"合隆、齐心、广博"]
[185,null,"黄色复印纸","A4  80g/m2*500张/包",1,"包",38.38,38.38,"得力、晨光、天章"]
[186,null,"燃气灶电池","碳性大号1号电池",26,"对",12.97,337.22,"南孚、金霸王、公牛"]
[187,null,"封面牛皮纸","150克及以上/张，A4，100张/包",70,"包",21.54,{"v":1507.8,"d":"1,507.80"},"得力、齐心、广博"]
[188,null,"文件汇编","浅肤色，2.5CM",50,"个",19.01,{"v":950.5,"d":"950.50"},"盛泰、得力、齐心"]
[189,null,"钥匙牌（吊牌）","彩色50个/盒",17,"盒",21.46,364.82,"得力、齐心、广博"]
[190,null,"L型文件套","220*310mm，透明，PP材质，加厚",10,"个",{"v":1.3,"d":"1.30"},{"v":13,"d":"13.00"},"得力、晨光、齐心"]
[191,"▲","装订铆管","透明尼龙，适用装订机3880，100支/盒，Ø5.2*500mm",20,"盒",112.38,{"v":2247.6,"d":"2,247.60"},"得力、晨光、齐心"]
[192,"▲","装订机原装钻刀","适用装订机3880，打孔直径6mm，钻孔深度50mm",40,"个",69.39,{"v":2775.6,"d":"2,775.60"},"得力、晨光、齐心"]
[193,null,"装订夹条","10孔黑色，5mm，塑料夹条",78,"条",0.86,67.08,"得力、齐心、广博"]
[194,null,"档案袋","340*240*40mm，采用250g牛皮纸制作，绳扣50个/包，防霉防潮",65,"包",43.22,{"v":2809.3,"d":"2,809.30"},"任意品牌"]
[195,null,"磁钉","30mm，30只装/盒/筒",14,"筒",17.17,240.38,"任意品牌"]
[196,null,"键盘","台式或笔记本电脑通用",55,"个",85.85,{"v":4721.75,"d":"4,721.75"},"任意品牌"]
[197,null,"鼠标垫","佳积布面鼠标垫/25*20cm",110,"块",8.59,{"v":944.9,"d":"944.90"},"得力、晨光、齐心"]
[198,null,"裁纸机","升级板面板和刀片加长20mm",3,"台",127.93,383.79,"得力、晨光、齐心"]
[199,"▲","白板支架","支架式白板H型，约180*90cm，高端顶配，可移动可翻转，双面磁性办公会议室写字板",3,"台",479.19,{"v":1437.57,"d":"1,437.57"},"华兴、文阳、得力"]
[200,null,"电话线","二芯全铜，5米",5,"条",12.88,{"v":64.4,"d":"64.40"},"任意品牌"]
[201,null,"移动光驱","外置DVD光驱笔记本台式机通用移动USB电脑CD刻录机外接光驱盒",3,"个",52.04,156.12,"任意品牌"]
[202,null,"电池","23A 12V",50,"个",4.34,{"v":217,"d":"217.00"},"任意品牌"]
[203,null,"hdmi线","2米",11,"条",12.79,140.69,"任意品牌"]
[204,null,"固态硬盘","sata3接口，256G",11,"个",206.39,{"v":2270.29,"d":"2,270.29"},"任意品牌"]
[205,null,"圆形磁粒","红色装，50粒，30mm",5,"筒",18.95,94.75,"任意品牌"]
[206,null,"圆形磁粒","黄色装，50粒，30mm",4,"筒",18.83,75.32,"任意品牌"]
[207,null,"圆形磁粒","绿色装，50粒，30mm",4,"筒",19.02,76.08,"任意品牌"]
[208,null,"封条贴纸","纸质材质，白色，不干胶，30*7cm",120,"条",0.43,{"v":51.6,"d":"51.60"},"任意品牌"]
[209,null,"书写板","灰色不透明，带夹笔功能 A4",75,"个",13.88,{"v":1041,"d":"1,041.00"},"任意品牌"]
[210,null,"502胶水","20g",60,"支",5.15,{"v":309,"d":"309.00"},"任意品牌"]
[211,null,"高清线","1米，2.0版 4K，60Hz，锌合金款",5,"条",56.01,280.05,"任意品牌"]
[212,null,"不干胶打印纸","A4，BC-01",3,"包",38.64,115.92,"任意品牌"]
[213,null,"数据线","66W",16,"条",38.51,616.16,"任意品牌"]
[214,null,"原稿纸","单线",29,"本",2.08,60.32,"任意品牌"]
[215,"▲","闪迪TF卡","128GB",5,"个",125.76,{"v":628.8,"d":"628.80"},"闪迪、金士顿、三星"]
[216,"▲","闪迪SD卡","128GB",2,"个",257.56,515.12,"闪迪、金士顿、三星"]
[217,null,"私章盒","外部尺寸：3.2*3.2*10.5cm",2,"个",13.88,27.76,"任意品牌"]
[218,null,"相片纸","4R，230克，100张/包",3,"包",18.76,56.28,"任意品牌"]
[219,null,"印章","财务通用印章",30,"个",17.12,{"v":513.6,"d":"513.60"},"任意品牌"]
[220,null,"拓展坞","一拖四",4,"个",29.75,{"v":119,"d":"119.00"},"任意品牌"]
[221,null,"隐形格立体手提袋","XT-6804",20,"个",24.65,{"v":493,"d":"493.00"},"任意品牌"]
[222,null,"白板长形磁粒","30CM",27,"条",2.37,63.99,"任意品牌"]
[223,null,"白板长形磁粒","20CM",27,"条",1.69,45.63,"任意品牌"]
[224,null,"针式打印机色带","适用打印机型号：DS-600T，品牌--DASCOM得实；色带型号：80D-10色带架（含带芯）；规格--黑色，带长21M，带宽13MM",5,"盒",28.81,144.05,"任意品牌"]
[225,null,"不干胶贴纸","规格30*170mm，2000张/包",2,"包",197.97,395.94,"任意品牌"]
[226,null,"文件收纳盒","A4带卡扣、30.5cm*23*cm*2cm;",10,"个",15.93,{"v":159.3,"d":"159.30"},"任意品牌"]
[227,null,"设备故障维修记录表","100页/本，长28.9*宽22CM",50,"本",8.85,{"v":442.5,"d":"442.50"},"任意品牌"]
[228,null,"纽扣电池","CR2032，3V",20,"个",2.65,{"v":53,"d":"53.00"},"任意品牌"]
[229,null,"纽扣电池","A76/LR44",20,"个",1.19,{"v":23.8,"d":"23.80"},"任意品牌"]
[230,null,"纽扣电池","cr2450",10,"个",2.65,{"v":26.5,"d":"26.50"},"任意品牌"]
[231,null,"纽扣电池","cr2032",10,"个",2.54,{"v":25.4,"d":"25.40"},"任意品牌"]
[232,null,"纽扣电池","cr2025",10,"个",2.65,{"v":26.5,"d":"26.50"},"任意品牌"]
[233,null,"自动2位归零数字打码机","连续打印、印字清晰、自动上墨",1,"个",{"v":53.1,"d":"53.10"},{"v":53.1,"d":"53.10"},"任意品牌"]
[234,null,"涂改带/修正带","4m*5MM",20,"个",4.24,{"v":84.8,"d":"84.80"},"任意品牌"]
[235,null,"标签色带","3.6cm黄底黑字",20,"盒",26.55,{"v":531,"d":"531.00"},"任意品牌"]
[236,null,"标签色带","1.2cm黄黑黑字",20,"盒",20.35,{"v":407,"d":"407.00"},"任意品牌"]
[237,null,"标签色带","1.2cm白底黑字",10,"盒",20.35,{"v":203.5,"d":"203.50"},"任意品牌"]
[238,"▲","交换机","千兆交换机8口",3,"个",75.22,225.66,"水星、腾达、绿联"]
[239,null,"标签色带","1.8cm黄底黑字",10,"盒",24.78,{"v":247.8,"d":"247.80"},"任意品牌"]
[240,null,"档案年份印章","橡胶6*15mm",13,"个",8.85,115.05,"任意品牌"]
[241,null,"11孔资料袋","加厚单个厚度0.12mm,   A4",100,"个",0.27,{"v":27,"d":"27.00"},"任意品牌"]
[242,null,"双层小推车","不锈钢、70*50*90cm长宽高，带万向轮，带围栏",3,"个",317.04,951.12,"任意品牌"]
[243,null,"自封袋","加厚透明PE材料，16丝、30cm*40cm食品密封袋",200,"个",0.53,{"v":106,"d":"106.00"},"任意品牌"]
[244,null,"投票箱","400X280X570MM,净重5KG",5,"个",75.25,376.25,"任意品牌"]
[245,null,"内存条","4G或8G",4,"个",{"v":70.8,"d":"70.80"},{"v":283.2,"d":"283.20"},"任意品牌"]
[246,null,"过磅单","三联4000份/箱，长241MMX宽152.4MM，要带编码。",8,"箱",154.58,{"v":1236.64,"d":"1,236.64"},"任意品牌"]
["（一）办公用品不含税费用小计（元）",{"$nulls":6},{"$f":"SUM(H4:H249)","v":{"v":865201.77,"d":"865,201.77"}}]
["二、后勤物资"]
[1,"▲","保鲜膜","25cm*50m，食品级，免刀撕",217,"卷",12.79,{"v":2775.43,"d":"2,775.43"},"妙洁、茶花、佳能"]
[2,"▲","保鲜袋","40*45；50只/卷食品级",361,"卷",12.96,{"v":4678.56,"d":"4,678.56"},"妙洁、茶花、佳能"]
[3,"▲","保鲜袋","25*35cm；100只/卷",433,"卷",12.92,{"v":5594.36,"d":"5,594.36"},"妙洁、茶花、佳能"]
[4,"▲","保鲜袋","中号；30*40cm；100只/卷",258,"卷",17.29,{"v":4460.82,"d":"4,460.82"},"妙洁、茶花、佳能"]
[5,null,"84消毒液","1.2KG",278,"瓶",15.46,{"v":4297.88,"d":"4,297.88"},"蓝月亮、威猛、威王"]
[6,"▲","84漂白除菌液","20KG漂白水",55,"桶",129.67,{"v":7131.85,"d":"7,131.85"},"蓝月亮、威猛、威王"]
[7,null,"大白胶袋","40CM，20个",142,"扎",8.58,{"v":1218.36,"d":"1,218.36"},"海天、恒顺、镇江"]
[8,null,"白醋","500ml",29,"瓶",8.56,248.24,"宝家洁、家帮手、笑妈妈"]
[9,null,"玻璃刮","30-60CM宽，可伸缩",127,"把",46.75,{"v":5937.25,"d":"5,937.25"},"优品、3M、龟牌"]
[10,null,"玻璃水","无色500ml无水痕",177,"瓶",29.65,{"v":5248.05,"d":"5,248.05"},"花王、威猛先生、蓝月亮"]
[11,null,"不锈钢保养剂","不锈钢金属门、电梯清洁护理500ml",41,"瓶",30.25,{"v":1240.25,"d":"1,240.25"},"3M、客里客、洁康"]
[12,null,"不锈钢烟灰缸","圆形，直径8cm",35,"个",17.17,600.95,"广意、 津熙优品、佳佰"]
[13,null,"食品留样标签","50*40mm,5000张，可移除无残留，易撕取强粘背胶",73,"包",173.46,{"v":12662.58,"d":"12,662.58"},"净也、精臣、京小标、睿爸"]
[14,null,"食品留样盒","300ml,8.7*8.7*6.5cm    4个/套",167,"套",13.01,{"v":2172.67,"d":"2,172.67"},"HDHE、博惠、纳丽雅"]
[15,"▲","捣蒜机","2L及以上，全304不钢自动绞，双档",7,"台",171.11,{"v":1197.77,"d":"1,197.77"},"皮谱、苏泊尔、磨飞、欧斯若"]
[16,null,"丁晴手套","白色,S-L码，一次性乳胶手套 50双/盒",232,"盒",60.51,{"v":14038.32,"d":"14,038.32"},"洛滑、爱马斯、稳斯坦"]
[17,null,"围裙","PVC，加厚防水S-L码，65*78cm",194,"条",12.88,{"v":2498.72,"d":"2,498.72"},"沃巴伦、欧丽家、景超富康"]
[18,null,"胶篮","34*45*13cm，沥水",127,"个",25.85,{"v":3282.95,"d":"3,282.95"},"茶花、京兰、宿巢"]
[19,"▲","柠檬洗洁精","20kg",306,"桶",155.09,{"v":47457.54,"d":"47,457.54"},"劳工牌、立白、雕牌"]
[20,null,"洗洁精","1KG及以上",155,"瓶",12.92,{"v":2002.6,"d":"2,002.60"},"劳工牌、立白、雕牌"]
[21,null,"洗衣粉","5kg",131,"包",{"v":38.9,"d":"38.90"},{"v":5095.9,"d":"5,095.90"},"立白、雕牌、汰渍"]
[22,null,"洗衣粉","1KG",641,"包",10.37,{"v":6647.17,"d":"6,647.17"},"立白、雕牌、汰渍"]
[23,null,"小苏打","200g",124,"包",4.31,534.44,"舒可曼、太港、莲花健康"]
[24,null,"天然丝瓜络","10-15cm",61,"个",6.94,423.34,"任意品牌"]
[25,"▲","抽纸","130抽及以上，三-四层，100%原生木浆",21440,"包",{"v":5.2,"d":"5.20"},{"v":111488,"d":"111,488.00"},"得宝、维达、心相印"]
[26,"▲","擦手纸","200张，100%原生木浆",11250,"包",7.73,{"v":86962.5,"d":"86,962.50"},"维达、洁柔、清风"]
[27,"▲","大卷纸","商务大卷纸12卷/箱，约100*115mm/节，三层100%原生木浆",427,"箱",156.12,{"v":66663.24,"d":"66,663.24"},"维达、洁柔、清风"]
[28,"▲","卷纸","10卷/条，160g及以上/卷",2930,"条",24.28,{"v":71140.4,"d":"71,140.40"},"维达、洁柔、清风"]
[29,null,"鸡毛掸","常规款",58,"个",30.15,{"v":1748.7,"d":"1,748.70"},"宝家洁、佳帮手、居家家"]
[30,null,"炉灶清洁剂","2.5KG",122,"桶",{"v":38.9,"d":"38.90"},{"v":4745.8,"d":"4,745.80"},"威猛、潮牛、花王"]
[31,"▲","洗碗机专用清洁液","20KG",60,"桶",243.68,{"v":14620.8,"d":"14,620.80"},"优品、净佰俐、易静"]
[32,null,"催干光亮剂","20KG",2,"桶",{"v":260.2,"d":"260.20"},{"v":520.4,"d":"520.40"},"优品、净佰俐、易静"]
[33,null,"绿水","3.78L",273,"桶",38.77,{"v":10584.21,"d":"10,584.21"},"金宝、超宝正、白云洁霸"]
[34,null,"浇花壶","加厚1.5-3L手动气压式喷壶，塑料",58,"个",25.75,{"v":1493.5,"d":"1,493.50"},"劲胜、浩胜、嘉魅"]
[35,null,"喷壶","塑料，250ML及以上",93,"个",8.53,793.29,"任意品牌"]
[36,null,"滚筒","10cm宽，30cm长柄",150,"个",17.29,{"v":2593.5,"d":"2,593.50"},"任意品牌"]
[37,null,"牙膏","120-140g",17,"支",17.29,293.93,"佳洁士、高露洁、黑人"]
[38,null,"毛巾","100%棉30*30cm",305,"条",8.59,{"v":2619.95,"d":"2,619.95"},"洁丽雅、金号、全力"]
[39,null,"毛巾","100%棉30*70cm",615,"条",6.85,{"v":4212.75,"d":"4,212.75"},"洁丽雅、金号、全力"]
[40,null,"毛巾","30*70cm珊瑚绒面料",860,"条",6.89,{"v":5925.4,"d":"5,925.40"},"任意品牌"]
[41,null,"毛巾","30*30cm珊瑚面料，挂式",750,"条",10.37,{"v":7777.5,"d":"7,777.50"},"任意品牌"]
[42,null,"垃圾袋","120*140cm，可降解材质10只",520,"扎",12.75,{"v":6630,"d":"6,630.00"},"任意品牌"]
[43,null,"垃圾袋（大）","可降解90*110cm，10只",3594,"包",8.55,{"v":30728.7,"d":"30,728.70"},"任意品牌"]
[44,null,"垃圾袋（小）","可降解45*50cm或40*60cm,背心式，15只/包",13910,"包",1.72,{"v":23925.2,"d":"23,925.20"},"任意品牌"]
[45,null,"垃圾袋","可降解35L垃圾桶用 60*80平口 黑色  15个/卷",1260,"卷",6.96,{"v":8769.6,"d":"8,769.60"},"任意品牌"]
[46,null,"垃圾袋","可降解55L垃圾桶用 80*100平口 黑色 10个/卷",2590,"卷",5.15,{"v":13338.5,"d":"13,338.50"},"任意品牌"]
[47,null,"拖把","吸水，不带水印，棉90CM，不锈钢杆",45,"把",52.22,{"v":2349.9,"d":"2,349.90"},"任意品牌"]
[48,null,"拖把","吸水，不带水印，棉60CM，不锈钢杆",368,"把",47.23,{"v":17380.64,"d":"17,380.64"},"任意品牌"]
[49,null,"拖把","圆形，棉、木杆",350,"把",17.41,{"v":6093.5,"d":"6,093.50"},"任意品牌"]
[50,null,"海绵拖把","40CM",87,"把",{"v":51,"d":"51.00"},{"v":4437,"d":"4,437.00"},"任意品牌"]
[51,null,"拖把","圆形棉不锈钢杆",300,"个",34.46,{"v":10338,"d":"10,338.00"},"爱格、东仙、茶花"]
[52,null,"扫把","软",245,"把",8.61,{"v":2109.45,"d":"2,109.45"},"爱格、东仙、茶花"]
[53,null,"扫把","硬",600,"把",17.29,{"v":10374,"d":"10,374.00"},"爱格、东仙、茶花"]
[54,null,"斜头地板刷","配96cm木柄",264,"把",8.56,{"v":2259.84,"d":"2,259.84"},"爱格、东仙、茶花"]
[55,null,"垃圾铲","胶带挂扫把孔",322,"个",17.11,{"v":5509.42,"d":"5,509.42"},"爱格、东仙、茶花"]
[56,null,"蜘蛛扫","可伸缩，圆形塑料材质2.8米",133,"个",30.05,{"v":3996.65,"d":"3,996.65"},"任意品牌"]
[57,null,"拖桶","加厚拖把桶，容量17-38L，可移动分离式沥水篮",241,"个",30.05,{"v":7242.05,"d":"7,242.05"},"科力帮、茶花、珠塑"]
[58,null,"洗杯刷","一大一小海绵刷",92,"套",12.92,{"v":1188.64,"d":"1,188.64"},"任意品牌"]
[59,null,"茶水桶刷","加长柄毛刷一短一长",25,"套",17.23,430.75,"任意品牌"]
[60,null,"胶水管","6分胶水管，防爆纤维软管",860,"米",6.82,{"v":5865.2,"d":"5,865.20"},"联塑、乐泰、森戈"]
[61,null,"胶水管","4分胶水管米，防爆纤维软管",350,"米",4.32,{"v":1512,"d":"1,512.00"},"联塑、乐泰、森戈"]
[62,null,"大白胶桶","120L",42,"个",103.04,{"v":4327.68,"d":"4,327.68"},"伟胜，百文、蓝天"]
[63,null,"水瓢","塑料",55,"个",8.73,480.15,"珠江、百文、蓝天"]
[64,null,"厨师帽","均码，红双条58-60cm,棉",216,"顶",6.92,{"v":1494.72,"d":"1,494.72"},"任意品牌"]
[65,null,"厨师服","S-L码",136,"件",46.59,{"v":6336.24,"d":"6,336.24"},"任意品牌"]
[66,null,"马桶刷","38cm,塑料",346,"把",10.27,{"v":3553.42,"d":"3,553.42"},"爱格、东仙、茶花"]
[67,null,"洁厕精","900g",1159,"瓶",12.92,{"v":14974.28,"d":"14,974.28"},"超威、强力、浪奇"]
[68,null,"夹菜夹子","304不锈钢",64,"把",12.92,826.88,"任意品牌"]
[69,null,"钢丝球","加厚，双层",1175,"个",1.72,{"v":2021,"d":"2,021.00"},"美弗邦、洁丽仆、伟侠"]
[70,null,"海绵湿手器","圆形海绵，7.5cm",8,"个",2.58,20.64,"得力、晨光、永益"]
[71,null,"地垫","1.5*0.6米",67,"块",77.02,{"v":5160.34,"d":"5,160.34"},"任意品牌"]
[72,null,"地垫架子","不锈钢3层",6,"套",103.38,620.28,"任意品牌"]
[73,null,"地垫","1.6*3米",9,"张",361.82,{"v":3256.38,"d":"3,256.38"},"任意品牌"]
[74,null,"地垫","1.2*2.2米",25,"张",214.67,{"v":5366.75,"d":"5,366.75"},"任意品牌"]
[75,null,"地毯","红色欢迎光临1.8*1.2米",49,"块",127.51,{"v":6247.99,"d":"6,247.99"},"任意品牌"]
[76,null,"储物箱","加厚大号约70L",109,"个",47.55,{"v":5182.95,"d":"5,182.95"}," 禧仕多、访客、佳帮手"]
[77,null,"储物箱","加厚中号约60L",26,"个",38.64,{"v":1004.64,"d":"1,004.64"}," 禧仕多、访客、佳帮手"]
[78,null,"菜罩","加厚塑料",32,"个",21.25,{"v":680,"d":"680.00"},"任意品牌"]
[79,null,"鞋刷","塑料",25,"把",5.99,149.75,"富居、登比、茶花"]
[80,"▲","杀虫剂","可消杀9种害虫，500ml",599,"瓶",17.12,{"v":10254.88,"d":"10,254.88"},"榄菊、超威、强力"]
[81,null,"去污粉","500g",227,"瓶",12.92,{"v":2932.84,"d":"2,932.84"},"绿伞、斧头、春风"]
[82,"▲","电磁炉3500W","3500W",23,"台",311.18,{"v":7157.14,"d":"7,157.14"},"德玛仕、志高、耐惠"]
[83,"▲","电饭煲","三角23L",21,"个",430.71,{"v":9044.91,"d":"9,044.91"},"三角牌、德玛仕、炫虎"]
[84,"▲","电饭煲","三角28L",12,"个",475.42,{"v":5705.04,"d":"5,705.04"},"三角牌、德玛仕、炫虎"]
[85,null,"不沾油锅碗刷",null,80,"把",12.84,{"v":1027.2,"d":"1,027.20"},"任意品牌"]
[86,null,"会议台布","5*2米",6,"块",104.43,626.58,"任意品牌"]
[87,null,"擦玻璃布","亮光布，擦玻璃清洁巾",180,"条",2.58,{"v":464.4,"d":"464.40"},"善道、家政、旱龙"]
[88,null,"餐车","长宽高约70*40*90cm",8,"台",342.25,{"v":2738,"d":"2,738.00"},"柏德汇、锐迅、捷一"]
[89,null,"防烫垫","竹",25,"块",8.59,214.75,"艾贝狸、京橘、半物生活"]
[90,null,"电蚊拍","充电",74,"个",30.04,{"v":2222.96,"d":"2,222.96"},"榄菊、超威、久量"]
[91,null,"电蚊拍","USB充电",42,"个",47.23,{"v":1983.66,"d":"1,983.66"},"榄菊、超威、久量"]
[92,null,"泡茶壶","玻璃食品材质500ML",130,"个",34.11,{"v":4434.3,"d":"4,434.30"},"元茗、金灶、天喜飘"]
[93,null,"免洗洗手液","抑菌650ml",250,"瓶",29.74,{"v":7435,"d":"7,435.00"},"滴露、六神、舒肤佳"]
[94,null,"灭蚁清","50包",50,"盒",30.05,{"v":1502.5,"d":"1,502.50"},"达豪、榄菊、天天"]
[95,null,"雨伞防水收纳袋","长柄伞用",3230,"个",0.18,{"v":581.4,"d":"581.40"},"任意品牌"]
[96,null,"雨伞架","24头烤漆带锁雨伞架",24,"套",302.57,{"v":7261.68,"d":"7,261.68"},"任意品牌"]
[97,null,"地板胶","黑黄警示胶带，48mm*20米/卷",60,"卷",6.94,{"v":416.4,"d":"416.40"},"任意品牌"]
[98,null,"苍蝇贴","170*150mm",1085,"张",0.85,922.25,"达豪、榄菊、天天"]
[99,null,"削皮刀","厨房用",96,"把",12.84,{"v":1232.64,"d":"1,232.64"},"任意品牌"]
[100,null,"一次性食品手套","加厚，100只/包",362,"包",21.54,{"v":7797.48,"d":"7,797.48"},"天纯、百橙、木西田"]
[101,null,"环保饭盒","可降解，食品级",8200,"个",{"v":1.3,"d":"1.30"},{"v":10660,"d":"10,660.00"},"天纯、百橙、木西田"]
[102,null,"环保汤盒","可降解，食品级",7900,"个",{"v":1.3,"d":"1.30"},{"v":10270,"d":"10,270.00"},"天纯、百橙、木西田"]
[103,null,"一次性筷子","含纸巾、牙签、勺子、竹筷子",5966,"包",0.43,{"v":2565.38,"d":"2,565.38"},"任意品牌"]
[104,"▲","洗手液","500g",1695,"瓶",12.84,{"v":21763.8,"d":"21,763.80"},"蓝月亮、威露士、舒肤佳"]
[105,null,"红火蚁药","250g",122,"包",36.06,{"v":4399.32,"d":"4,399.32"},"达豪、榄菊、天天"]
[106,null,"强力消毒剂","20g*20包",142,"袋",13.69,{"v":1943.98,"d":"1,943.98"},"达豪、榄菊、天天"]
[107,null,"一次性纸杯","100只装/条；200ml及以上",680,"条",13.05,{"v":8874,"d":"8,874.00"},"妙洁、妙妙、得力"]
[108,null,"烟灰缸","玻璃12cm",79,"个",21.46,{"v":1695.34,"d":"1,695.34"},"任意品牌"]
[109,null,"茶水桶","带盖，5L",73,"个",{"v":24.2,"d":"24.20"},{"v":1766.6,"d":"1,766.60"},"任意品牌"]
[110,null,"厕所香片","5号",453,"片",4.32,{"v":1956.96,"d":"1,956.96"},"任意品牌"]
[111,null,"厕所纸巾筒","14.5*15*12cm",64,"个",{"v":38.9,"d":"38.90"},{"v":2489.6,"d":"2,489.60"},"任意品牌"]
[112,null,"擦手纸抽盒","260*195*95mm，加厚",40,"个",{"v":46.9,"d":"46.90"},{"v":1876,"d":"1,876.00"},"任意品牌"]
[113,null,"强力挂钩","透明无痕，强力胶，免打孔",1150,"个",1.72,{"v":1978,"d":"1,978.00"},"任意品牌"]
[114,"▲","带盖水桶","塑料加厚22L",193,"个",52.04,{"v":10043.72,"d":"10,043.72"},"珠江、百文、蓝天"]
[115,null,"通厕弹簧","胶质不锈钢柄60cm",14,"条",43.22,605.08,"任意品牌"]
[116,null,"防水套袖","17*28cm",245,"双",9.48,{"v":2322.6,"d":"2,322.60"},"任意品牌"]
[117,null,"铁铲","带长柄，方铲",43,"个",38.77,{"v":1667.11,"d":"1,667.11"},"任意品牌"]
[118,null,"垃圾铲","金属",170,"个",8.58,{"v":1458.6,"d":"1,458.60"},"任意品牌"]
[119,null,"厕所除臭球","可挂式",278,"个",2.58,717.24,"华顺、冰花、冰晶花"]
[120,null,"油污净清洁剂","500g",252,"瓶",25.84,{"v":6511.68,"d":"6,511.68"},"任意品牌"]
[121,null,"厨房重油污净","500g",252,"瓶",25.76,{"v":6491.52,"d":"6,491.52"},"固特威、威力洁、BOTNY"]
[122,null,"洗碗布","3条装",417,"包",8.53,{"v":3557.01,"d":"3,557.01"},"妙洁、惠寻、福爱家"]
[123,null,"洗碗海绵","双层",387,"块",4.29,{"v":1660.23,"d":"1,660.23"},"绿草香、南极人、靓涤"]
[124,null,"金银葱布","清洗台面",80,"块",2.56,{"v":204.8,"d":"204.80"},"任意品牌"]
[125,null,"铲刀","3寸",42,"个",6.85,{"v":287.7,"d":"287.70"},"任意品牌"]
[126,null,"红胶凳","28*47*38cm",485,"个",21.25,{"v":10306.25,"d":"10,306.25"},"达木霖、和大人、四坊八巷"]
[127,null,"牙签","竹200支/包",590,"包",1.72,{"v":1014.8,"d":"1,014.80"},"鑫峰、芸婷、夏斐露"]
[128,null,"牙签筒","塑料",78,"个",4.31,336.18,"映源、漯岚、建安"]
[129,null,"自动喷香机","单罐（装电池款）",93,"个",56.38,{"v":5243.34,"d":"5,243.34"},"春风、牧安宁、SVAVO"]
[130,null,"蚊香","无香型",520,"盒",0.86,{"v":447.2,"d":"447.20"},"榄菊，劲牛、枪手"]
[131,null,"打包绳","胶袋 白色，250-350g",90,"卷",12.97,{"v":1167.3,"d":"1,167.30"},"任意品牌"]
[132,null,"棉手套","白色",760,"双",0.72,{"v":547.2,"d":"547.20"},"援帮、贸正、上品"]
[133,null,"灯笼","直径150#植绒白板全红无图案",58,"个",155.61,{"v":9025.38,"d":"9,025.38"},"魅田、建盼、雄冠"]
[134,null,"固体清新剂","70g及以上",879,"罐",4.28,{"v":3762.12,"d":"3,762.12"},"固特威、威力洁、BOTNY"]
[135,null,"空气清新剂","3200次自动喷",740,"罐",17.29,{"v":12794.6,"d":"12,794.60"},"固特威、威力洁、BOTNY、SVAVO"]
[136,null,"斩骨刀","1号",35,"把",103.04,{"v":3606.4,"d":"3,606.40"},"十八子、何全利、张小泉"]
[137,null,"不锈钢蒸饭盘","304不锈钢，食品级加厚，59.2*25.5cm",9,"个",103.72,933.48,"花思雨、美厨、厨内助"]
[138,null,"饭勺","食品级加厚304不锈钢",55,"个",8.61,473.55,"美厨、维艾、广意"]
[139,null,"调羹","食品级加厚304不锈钢",71,"个",12.88,914.48,"广意、番易、叁肆钢"]
[140,null,"汤勺","304不锈钢,勺直径15cm,长50cm防烫",48,"个",46.92,{"v":2252.16,"d":"2,252.16"},"美厨、苏泊尔、拜节"]
[141,null,"筷子","304不锈钢",350,"双",2.59,{"v":906.5,"d":"906.50"},"喜得润、好厨夫、凯临门"]
[142,null,"汤碗","上口直径15.8cm,304不锈钢，与不锈钢饭碟配套",67,"个",12.84,860.28,"温朵娜、雄魄、沃德百惠"]
[143,null,"不锈钢饭碟","304不锈钢，长36.5cm5格",123,"个",12.97,{"v":1595.31,"d":"1,595.31"},"维艾、雅芙尚品、克洛迪雅"]
[144,null,"大堂尘拖","9米，1米1节，不锈钢杆，中空（配各类清洁头）",19,"把",103.02,{"v":1957.38,"d":"1,957.38"},"爱格、东仙、茶花"]
[145,null,"大堂地拖","60CM拖布",164,"把",25.75,{"v":4223,"d":"4,223.00"},"雅高、美家日记、裕富宝"]
[146,null,"大堂地拖","90CM拖布",53,"把",{"v":34,"d":"34.00"},{"v":1802,"d":"1,802.00"},"美家日记、洁比世、雅高"]
[147,null,"菜盆","304不锈钢圆形，直径30cm",92,"个",47.22,{"v":4344.24,"d":"4,344.24"},"SSGP、叁肆钢、合兴利"]
[148,"▲","菜刀","304不锈钢",58,"把",86.15,{"v":4996.7,"d":"4,996.70"},"十八子作、邓家刀、张小泉、王麻子"]
[149,null,"除胶剂","300ml",102,"瓶",12.79,{"v":1304.58,"d":"1,304.58"},"龟牌、得力、普速"]
[150,"▲","圆锅","直径50cm,铁锅",26,"个",188.87,{"v":4910.62,"d":"4,910.62"},"苏泊尔、炊大皇、章丘"]
[151,null,"不锈钢桶","直径32cm,高40cm,304，食品级加厚",18,"个",155.59,{"v":2800.62,"d":"2,800.62"},"小渝、盛公满、桶帅"]
[152,null,"小胶凳","加厚塑料，高：56cm宽28.5cm",58,"个",30.15,{"v":1748.7,"d":"1,748.70"},"好尔、华凯之心、禧天龙"]
[153,null,"菜板","塑料食品级40*60*2cm",48,"块",154.02,{"v":7392.96,"d":"7,392.96"},"abay、骁泰、云睿"]
[154,"▲","保鲜膜","45cm*300米/卷，食品级",116,"卷",60.92,{"v":7066.72,"d":"7,066.72"},"南亚、宜之选、蓝自然、京惠思创"]
[155,null,"多功能刨丝器","切丝/片/花/磨蓉",55,"套",12.92,{"v":710.6,"d":"710.60"},"任意品牌"]
[156,null,"黑色地毯","1.2米*15米",6,"卷",750.52,{"v":4503.12,"d":"4,503.12"},"任意品牌"]
[157,null,"硅胶隔热防烫手套","耐高温，厨房烤箱专用",73,"双",21.68,{"v":1582.64,"d":"1,582.64"},"任意品牌"]
[158,null,"一次性头套","防尘、防掉发，100个/包，双筋，无菌",95,"包",21.32,{"v":2025.4,"d":"2,025.40"},"任意品牌"]
[159,"▲","保鲜盒","食品级，#2605，275*210*130mm，5.3L",72,"个",21.46,{"v":1545.12,"d":"1,545.12"},"珠江、百文、蓝天"]
[160,"▲","保鲜盒","食品级，#2614，360*255*160mm，10L",72,"个",30.05,{"v":2163.6,"d":"2,163.60"},"珠江、百文、蓝天"]
[161,null,"一次性透明胶杯","170ml 100只装/条",393,"条",6.85,{"v":2692.05,"d":"2,692.05"},"妙洁、妙妙、悠巧"]
[162,null,"透明口罩","餐饮专用  5个装/包",129,"包",13.01,{"v":1678.29,"d":"1,678.29"},"任意品牌"]
[163,null,"净水器滤芯","3M、C1+C2,或4+1组合滤芯",21,"套",430.74,{"v":9045.54,"d":"9,045.54"},"任意品牌"]
[164,null,"长方形密封带盖收纳盒","小号",61,"个",21.25,{"v":1296.25,"d":"1,296.25"},"伟胜，百文、蓝天"]
[165,null,"长方形密封带盖收纳盒","中号",65,"个",29.95,{"v":1946.75,"d":"1,946.75"},"伟胜，百文、蓝天"]
[166,null,"长方形密封带盖收纳盒","大号",53,"个",36.55,{"v":1937.15,"d":"1,937.15"},"伟胜，百文、蓝天"]
[167,null,"带盖周转箱","450-160规格",23,"个",34.58,795.34,"伟胜，百文、蓝天"]
[168,null,"带盖周转箱","450-230规格",19,"个",38.77,736.63,"伟胜，百文、蓝天"]
[169,null,"带盖周转箱","550-350规格",18,"个",65.05,{"v":1170.9,"d":"1,170.90"},"伟胜，百文、蓝天"]
[170,null,"户外遮雨帐篷","3米*3米蓝色",28,"个",371.68,{"v":10407.04,"d":"10,407.04"},"大新、京造、雅图"]
[171,null,"厨房清洁去污百洁布","5片/包",190,"包",6.82,{"v":1295.8,"d":"1,295.80"},"任意品牌"]
[172,null,"耐热顶罗纹","29.5cm*25.5cm",1,"个",213.91,213.91,"任意品牌"]
[173,null,"窗户磨砂贴","40*500cm",40,"张",21.39,{"v":855.6,"d":"855.60"},"任意品牌"]
[174,null,"平板灯","LED灯，40W，600*600mm",88,"个",111.62,{"v":9822.56,"d":"9,822.56"},"佛山照明、雷士、飞利浦"]
[175,null,"洗洁精按压器","适合20KE的洗洁精桶",23,"个",13.05,300.15,"任意品牌"]
[176,null,"水鞋","高筒，饭堂用",106,"双",47.54,{"v":5039.24,"d":"5,039.24"},"金橡、回力、强人"]
[177,null,"蜘蛛网伸缩清洁杆","伸缩款，延伸5米",52,"把",52.04,{"v":2706.08,"d":"2,706.08"},"任意品牌"]
[178,null,"皂液器（按压式）","免打孔挂壁式，单头300ML",5,"个",56.19,280.95,"任意品牌"]
[179,null,"防晒冰袖","白色、黑色",690,"双",8.67,{"v":5982.3,"d":"5,982.30"},"任意品牌"]
[180,null,"防嗮遮阳帽","帽沿增加15cm,带遮阳帘子",540,"顶",34.23,{"v":18484.2,"d":"18,484.20"},"任意品牌"]
[181,null,"草帽","麦秆，直径52cm",195,"顶",8.53,{"v":1663.35,"d":"1,663.35"},"任意品牌"]
[182,null,"雨伞","30寸长柄",520,"把",51.18,{"v":26613.6,"d":"26,613.60"},"大新、天堂、美度"]
[183,null,"胶手套","L码M码S码",870,"双",6.94,{"v":6037.8,"d":"6,037.80"},"东方红、妙洁、妙妙"]
[184,null,"厕所喷香机补充液","60ml/瓶",250,"瓶",12.92,{"v":3230,"d":"3,230.00"},"春风、牧安宁、SVAVO"]
[185,null,"防水帆布","绿色，6*10米",16,"张",156.12,{"v":2497.92,"d":"2,497.92"},"任意品牌"]
[186,null,"地毯","红色，PVC，长*宽：10米*1.6米",2,"米",691.58,{"v":1383.16,"d":"1,383.16"},"任意品牌"]
[187,null,"门口立体式自动测人体温枪","测温仪+支架，可充电可用电池",7,"个",224.74,{"v":1573.18,"d":"1,573.18"},"得力、晨光、齐心"]
[188,null,"大白胶桶","200L",25,"个",101.99,{"v":2549.75,"d":"2,549.75"},"珠江、百文、蓝天"]
[189,null,"晾衣架","不锈钢置地，双杠，1.6米长，可折叠",42,"个",127.91,{"v":5372.22,"d":"5,372.22"},"任意品牌"]
[190,null,"晾衣杆","1.5米长，木杆，U型头",118,"根",12.88,{"v":1519.84,"d":"1,519.84"},"任意品牌"]
[191,null,"小便斗冲水阀","自动，管长15CM",38,"个",43.37,{"v":1648.06,"d":"1,648.06"},"任意品牌"]
[192,null,"厕所疏通器","喇叭",40,"个",21.46,{"v":858.4,"d":"858.40"},"任意品牌"]
[193,null,"橡皮筋","1.4mm宽190mm周长,粗橡筋，1斤/包",9,"包",34.46,310.14,"任意品牌"]
[194,null,"地毯","4.3*1.8米",1,"块",389.02,389.02,"任意品牌"]
[195,null,"地毯","4*3.7米",5,"块",696.21,{"v":3481.05,"d":"3,481.05"},"任意品牌"]
[196,null,"地毯","2*1.6米",4,"块",179.72,718.88,"任意品牌"]
[197,null,"地毯","2.3*2.4米",1,"块",345.76,345.76,"任意品牌"]
[198,null,"地垫","3*1.8米",3,"块",345.77,{"v":1037.31,"d":"1,037.31"},"任意品牌"]
[199,null,"地垫","2*1.8米",15,"块",242.86,{"v":3642.9,"d":"3,642.90"},"任意品牌"]
[200,null,"地垫","2.2*1.8米",3,"块",257.56,772.68,"任意品牌"]
[201,null,"乳胶手指套","耐磨手指套，加厚防滑麻点翻页用,50只/包S-XL码",17,"包",12.92,219.64,"任意品牌"]
[202,null,"竹筷子","24CM长 10双/包",40,"包",13.05,{"v":522,"d":"522.00"},"任意品牌"]
[203,"▲","保温壶","1.5升及以上",14,"个",68.23,955.22,"苏泊尔、美的、九阳、小熊"]
[204,null,"尼龙扎带","透明，4*200mm,500根/包",8,"包",21.54,172.32,"任意品牌"]
[205,null,"篮球","74-604Y",20,"个",129.22,{"v":2584.4,"d":"2,584.40"},"任意品牌"]
[206,"▲","乒乓球拍","纯木底板",22,"把",127.92,{"v":2814.24,"d":"2,814.24"},"红双喜、双鱼、蝴蝶"]
[207,null,"乒乓球","一星训练球，黄色，10只/盒",25,"盒",26.02,{"v":650.5,"d":"650.50"},"任意品牌"]
[208,null,"纸巾筒","直筒",10,"个",25.85,{"v":258.5,"d":"258.50"},"任意品牌"]
[209,null,"桌面纸巾盒","9.5*21*13cm",56,"个",21.68,{"v":1214.08,"d":"1,214.08"},"任意品牌"]
[210,null,"尼龙绳","直径：6-8mm",180,"米",1.02,{"v":183.6,"d":"183.60"},"任意品牌"]
[211,null,"大街扫","竹柄 扫街道、长竹扫把",17,"把",25.67,436.39,"任意品牌"]
[212,null,"挂衣钩","7位；无痕门后挂钩\n强力免钉",10,"个",25.93,{"v":259.3,"d":"259.30"},"任意品牌"]
[213,null,"卫生间三角架","太空铝；两层；总高：36cm",72,"个",42.93,{"v":3090.96,"d":"3,090.96"},"任意品牌"]
[214,null,"垃圾篓","加厚，大号，28*27cm",126,"个",8.61,{"v":1084.86,"d":"1,084.86"},"任意品牌"]
[215,null,"温湿度计",8813,18,"个",42.79,770.22,"得力，金博，小米"]
[216,null,"户外垃圾分类箱","127*36*90cm，可回收垃圾，有害垃圾，易腐垃圾，其他垃圾",7,"个",691.54,{"v":4840.78,"d":"4,840.78"},"任意品牌"]
[217,null,"小垃圾桶","灰色15L翻盖",35,"个",51.87,{"v":1815.45,"d":"1,815.45"},"WST、宏豪，珠江"]
[218,null,"捞渣网","可伸缩不锈杆",59,"把",34.34,{"v":2026.06,"d":"2,026.06"},"任意品牌"]
[219,null,"雨衣","均码 风衣式",63,"套",34.11,{"v":2148.93,"d":"2,148.93"},"任意品牌"]
[220,null,"环卫垃圾桶","55L",7,"个",112.37,786.59,"WST、宏豪，珠江"]
[221,null,"松木砧板","39CM",6,"块",136.48,818.88,"广西、木马人、双枪"]
[222,null,"不锈钢锅铲","3#手打无磁",11,"把",34.11,375.21,"青藤 、欧格曼、旺利来"]
[223,null,"不锈钢调味盅","8格组合调味盒",7,"个",86.15,603.05,"新达、欧格曼、旺利来"]
[224,null,"锅盖","不锈钢42CM",2,"个",43.22,86.44,"任意品牌"]
[225,null,"锅盖","不锈钢45CM",4,"个",43.37,173.48,"任意品牌"]
[226,"▲","火锅电磁炉套装","美的2200W",9,"套",{"v":171.7,"d":"171.70"},{"v":1545.3,"d":"1,545.30"},"美的、苏泊尔、康佳"]
[227,null,"豆浆机","1.75L",8,"个",348.09,{"v":2784.72,"d":"2,784.72"},"美的、九阳、苏泊尔"]
[228,null,"榨汁机","1L",6,"个",171.16,{"v":1026.96,"d":"1,026.96"},"美的、九阳、苏泊尔"]
[229,null,"不锈钢汤勺","小号",17,"把",12.88,218.96,"青藤 、欧格曼、旺利来"]
[230,null,"不锈钢汤勺","中号",17,"把",30.35,515.95,"青藤 、欧格曼、旺利来"]
[231,null,"筷子","木10双装",105,"双",4.29,450.45,"良木匠、双枪、建民"]
[232,null,"瓷碗","瓷白4.5英寸",95,"个",8.61,817.95,"瓷白、奥秘、嘉兰"]
[233,null,"瓷碟","瓷白10寸",95,"个",26.02,{"v":2471.9,"d":"2,471.90"},"瓷白、奥秘、嘉兰"]
[234,null,"不锈钢碟","伟和28cm",22,"个",17.17,377.74,"伟和、欧格曼、古兰雅"]
[235,null,"不锈钢碟","伟和38cm",37,"个",30.25,{"v":1119.25,"d":"1,119.25"},"伟和、欧格曼、古兰雅"]
[236,null,"不锈钢菜勺","伟和圆头大号公用勺",9,"个",34.34,309.06,"伟和、欧格曼、古兰雅"]
[237,null,"塑料洗菜盆","61*19.5*50cm",17,"个",51.86,881.62,"蓝天、国光、肥猫"]
[238,null,"平底炒锅","40cm",6,"个",172.88,{"v":1037.28,"d":"1,037.28"},"苏泊尔、康宁、双立人"]
[239,null,"不锈钢漏勺","30.5CM，宽7.5CM",9,"个",12.96,116.64,"青藤 、欧格曼、旺利来"]
[240,null,"不锈钢汤勺","总长30.5CM宽7.5CM",7,"个",13.01,91.07,"青藤 、欧格曼、旺利来"]
[241,null,"调料置物架","万厨，落地架 三层",11,"个",51.35,564.85,"乐彼、万厨、申梵"]
[242,null,"大不锈钢盆","直径50CM 201不锈钢",15,"个",68.47,{"v":1027.05,"d":"1,027.05"},"宇发、伟和、邦丰"]
[243,null,"调味盒","塑料三格",13,"个",25.67,333.71,"任意品牌"]
[244,null,"钢卷尺","5m*19mm,全包胶带锁定",8,"个",16.94,135.52,"得力、晨光、田岛"]
[245,null,"钢卷尺","10m*25mm,全包胶带锁定",9,"个",25.84,232.56,"得力、晨光、田岛"]
[246,null,"控油器","手动抽油泵抽液器",6,"个",8.61,51.66,"任意品牌"]
[247,null,"厨房管道疏通剂","强力溶解，280g",39,"瓶",8.61,335.79,"橙乐工坊，PISSA，Q果"]
[248,null,"花洒","不锈钢，喷头+软管",47,"套",43.37,{"v":2038.39,"d":"2,038.39"},"任意品牌"]
[249,null,"密封保鲜盒","32CMX23CMX13CM    8103，6L白色",9,"个",26.55,238.95,"任意品牌"]
[250,null,"长方形塑料筐篮子","加厚蓝色，长36.6X宽26.6X高9.2，沥水",12,"个",{"v":17.7,"d":"17.70"},{"v":212.4,"d":"212.40"},"任意品牌"]
[251,null,"电热蚊香","黑旋风、电热、含驱蚊液",65,"盒",19.47,{"v":1265.55,"d":"1,265.55"},"任意品牌"]
[252,null,"保温壶","保温48小时，1.5-1.7升左右",3,"个",{"v":75.5,"d":"75.50"},{"v":226.5,"d":"226.50"},"九阳、美的、苏伯尔"]
[253,null,"保温壶","玻璃内胆，DX砂粉色小号1L（智能显温24小时持 久保温）",8,"个",61.95,{"v":495.6,"d":"495.60"},"任意品牌"]
[254,null,"自封袋","PE材料，12丝，26*38cm，50个/包",4,"包",26.55,{"v":106.2,"d":"106.20"},"任意品牌"]
[255,null,"自封袋","PE材料，12丝，22*32cm，50个/包",4,"包",{"v":17.7,"d":"17.70"},{"v":70.8,"d":"70.80"},"任意品牌"]
[256,null,"自封袋","PE材料，12丝，20*30cm，50个/包",4,"包",{"v":17.7,"d":"17.70"},{"v":70.8,"d":"70.80"},"任意品牌"]
[257,null,"自封袋","PE材料，8丝，18*23cm，50个/包",2,"包",8.85,{"v":17.7,"d":"17.70"},"任意品牌"]
[258,null,"自封袋","PE材料，8丝，12*17cm，50个/包",2,"包",2.65,{"v":5.3,"d":"5.30"},"任意品牌"]
[259,null,"自封袋","PE材料，8丝，8*12cm，50个/包",2,"包",1.77,3.54,"任意品牌"]
[260,null,"PE高压平口袋","30*50CM，双面14丝加厚，透明包装袋塑料袋食品袋，100个/包",5,"包",28.07,140.35,"任意品牌"]
[261,null,"陶瓷茶水杯","骨瓷银镶玉 白色400ML，带盖",40,"个",{"v":17.7,"d":"17.70"},{"v":708,"d":"708.00"},"任意品牌"]
[262,null,"酒店垃圾桶","不锈钢立式电梯口使用，带烟灰缸，四菱角钛金黑白根（侧开）",8,"个",106.19,849.52,"任意品牌"]
[263,null,"美纹纸胶带","25毫米*20米",100,"卷",1.73,{"v":173,"d":"173.00"},"任意品牌"]
[264,null,"垃圾袋（小）","可降解50*60平口 黑色  100个/卷",60,"卷",13.27,{"v":796.2,"d":"796.20"},"任意品牌"]
[265,null,"采样塑料桶","25L",22,"个",28.07,617.54,"任意品牌"]
[266,null,"多通道计时器","三通道3组计时YS382",2,"个",41.74,83.48,"任意品牌"]
[267,"▲","水果刀","不锈钢30CM",9,"个",26.55,238.95,"十八子、何全利、张小泉"]
[268,null,"松木砧板","36*24*3CM",5,"个",61.95,309.75,"任意品牌"]
[269,null,"冰箱温度计","立挂两用、强磁强附",7,"个",23.46,164.22,"任意品牌"]
[270,"▲","厨房剪刀","不锈钢多功能鸡骨食物剪",8,"个",30.06,240.48,"十八子、何全利、张小泉"]
[271,null,"分类垃圾桶","可回收、其他垃圾；双桶16L",15,"个",44.25,663.75,"任意品牌"]
[272,null,"洗漱台镜子","50*70cm,玻璃自粘",42,"个",{"v":53.1,"d":"53.10"},{"v":2230.2,"d":"2,230.20"},"任意品牌"]
[273,null,"户外垃圾桶","大号不锈钢、分类果皮箱",4,"个",353.98,{"v":1415.92,"d":"1,415.92"},"任意品牌"]
[274,null,"桶装水倒置支架","加高不锈钢可拆架，配常规水嘴+撬棍，30cm*27cm*35cm",6,"个",22.12,132.72,"任意品牌"]
[275,null,"洗菜沥水篮","直径33cm",12,"个",5.31,63.72,"任意品牌"]
[276,null,"巡更打卡棒","带强光照明、护套、数据线、充电器、巡更点、人员钮、合格证，存储空间60000条，防水防摔，读卡距离〈3.5CM,读卡速度〈0.3秒",4,"个",309.73,{"v":1238.92,"d":"1,238.92"},"任意品牌"]
[277,null,"不锈钢桶","5L",11,"个",28.32,311.52,"任意品牌"]
[278,null,"不锈钢桶","10L",11,"个",{"v":35.4,"d":"35.40"},{"v":389.4,"d":"389.40"},"任意品牌"]
[279,null,"卫生间毛巾置物架","太空铝；60cm；双层",30,"个",44.25,{"v":1327.5,"d":"1,327.50"},"任意品牌"]
[280,null,"水龙头","单冷不锈钢",10,"个",46.49,{"v":464.9,"d":"464.90"},"任意品牌"]
[281,null,"水龙头","冷热带弯管不锈钢，厨房用",10,"个",63.26,{"v":632.6,"d":"632.60"},"任意品牌"]
[282,null,"角阀","4分不锈钢三角阀",10,"个",{"v":17.7,"d":"17.70"},{"v":177,"d":"177.00"},"任意品牌"]
[283,null,"走廊灯","白光40W",50,"个",{"v":35.4,"d":"35.40"},{"v":1770,"d":"1,770.00"},"任意品牌"]
[284,null,"便池感应器（电池款）","铜阀带调节，尿兜感应，电池款",20,"个",105.22,{"v":2104.4,"d":"2,104.40"},"任意品牌"]
[285,null,"油漆","球场划线用，白色外墙漆，20KG/桶",20,"桶",194.69,{"v":3893.8,"d":"3,893.80"},"任意品牌"]
["（二）后勤物资不含税费用小计（元）",{"$nulls":6},{"$f":"SUM(H252:H536)","v":{"v":1270358.22,"d":"1,270,358.22"}}]
["不含税总价（元）",{"$nulls":6},{"$f":"H250+H537","v":{"v":2135559.99,"d":"2,135,559.99"}}]